[Event "Universiad Men 26th"]
[Site "Shenzhen"]
[Date "2011.08.19"]
[Round "7"]
[White "Hindermann, Felix"]
[Black "Wong, Kai Meng"]
[Result "1-0"]
[WhiteElo "2322"]
[BlackElo "1712"]
[PlyCount "51"]
[EventDate "2011.08.15"]
[EventType "swiss"]
[EventRounds "9"]
[EventCountry "CHN"]
[SourceTitle "CBM 143 Extra"]
[Source "ChessBase"]
[SourceDate "2011.08.29"]
[SourceVersion "1"]
[SourceVersionDate "2011.08.29"]
[SourceQuality "1"]

1. e4 c5 2. c3 e6 3. d4 d5 4. e5 Nc6 5. Nf3 Bd7 6. a3 Qb6 7. b4 cxd4 8. cxd4 a5 9. b5 Na7 10. a4 Qc7 11. Bd3 g6 12. Ra2 Rc8 13. Rc2 Qd8 14. Bg5 Bb4+ 15. Nbd2 Ne7 16. Bf6 Rf8 17. 0-0 Qb6 18. Nb3 Rc7 19. Qc1 Rxc2 20. Qxc2 Nac8 21. Qc1 h5 22. Qf4 Ba3 23. Ng5 Nf5 24. Nh7 Rg8 25. Bg5 Be7 26. Bxe7 1-0

[Event "Universiad Men 26th"]
[Site "Shenzhen"]
[Date "2011.08.19"]
[Round "8"]
[White "Wong, Kai Meng"]
[Black "Zhang, Tony"]
[Result "1-0"]
[WhiteElo "1712"]
[BlackElo "2262"]
[PlyCount "85"]
[EventDate "2011.08.15"]
[EventType "swiss"]
[EventRounds "9"]
[EventCountry "CHN"]
[SourceTitle "CBM 143 Extra"]
[Source "ChessBase"]
[SourceDate "2011.08.29"]
[SourceVersion "1"]
[SourceVersionDate "2011.08.29"]
[SourceQuality "1"]

1. Nf3 Nf6 2. b3 d5 3. Bb2 Bg4 4. e3 Nbd7 5. Be2 e6 6. d3 Bd6 7. Nbd2 e5 8. h3 Bh5 9. d4 e4 10. Ne5 Bxe2 11. Qxe2 c6 12. c4 0-0 13. 0-0 a6 14. f4 exf3 15. Rxf3 Qe7 16. Nxd7 Nxd7 17. e4 dxe4 18. Qxe4 Rae8 19. Re1 Qd8 20. Qb1 Qh4 21. Rfe3 Rxe3 22. Rxe3 Qf4 23. Nf1 Nf6 24. Qe1 Qg5 25. Bc1 Bf4 26. Re5 Qh6 27. Bxf4 Qxf4 28. Qe3 Qh4 29. Ng3 g6 30. a4 Rd8 31. Ne2 Qe1+ 32. Kh2 Qh4 33. Qg3 Qxg3+ 34. Kxg3 Rd7 35. Kf4 Nh5+ 36. Ke3 Kf8 37. Nc3 f6 38. Re4 Ng3 39. Rf4 Nf5+ 40. Kd3 Kg7 41. g4 Ne7 42. Ne4 f5 43. Nc5 1-0